000 00488nam a2200217Ia 4500
008 210210b1947 xxu||||| |||| 00| 0 eng d
041 _aeng
082 _a886/30
100 _aRAMASVAMY (Es Ke)
245 _aIndian concept of the beautiful by sAstri
260 _aMadras
_b-
_c1947
650 _athe
650 _asAstri
650 _aof
650 _aIndian
650 _aconcept
650 _aby
650 _abeautiful
690 _aSanskrit Criticism
906 _a024537
999 _c150077
_d150077